1752 1314 1023 1464 1080 1152 1634 1219 1672 1055 1592 1853 1730 1210 1153 1587 1565 1992 1181 1647 1903 1061 1075 1476 1794 1255 1285 1610 1015 1568 1097 1073 1056 1250 1521 1500 1696 1961 1842 1519 1969 1021 1881 1268 1451 1064 1992 1210 1202 1285 1357 1146 1346 1825 1543 1823 1116 1765 1476 1894 1870 1475 1095 1909 1146 1020 1979 1557 1273 1512 1725 1327 1180 1839 1124 1583 1690 1856 1745 1082 1959 1395 1269 1262 1333 1358 1109 1900 1778 1946 1470 1897 1588 1945 1517 1223 1130 1414 1570 BCNSPRNW ULIB Ver.6.0+V

เปลี่ยนเป็นภาษาไทย

Change to English
 แสดงรายละเอียดบรรณานุกรม
  กลับหน้าหลัก

Brief Record : Get Marc (ISO 2709) : E-mail record : QR code < ปิดหน้าต่าง
LEADER : 00000nam 2200000uu 4500
001    13399109627
003     ULIB
008    110405s2545||||th 000 0 tha d
020    9749507029
060 04 WB537^bพ634น ล.1 2545
100 0  พิศิษฐ เบญจมงคลวารี
245 10 นวดเพื่อผ่อนคลายทั่วร่างกาย /^cโดย พิศิษฐ เบญจมงคลวารี ;บรรณาธิการ, ภัทรวัต เบญจมงคลวารี
250    พิมพ์ครั้งที่ 2
260    กรุงเทพฯ :^bหมอชาวบ้าน,^c2545
300    97 หน้า :^bภาพประกอบ ;^c21 ซม.
440    นวดไทยเพื่อสุขภาพ ;^vล.1
650  7 การนวด
700 0  ภัทรวัต เบญจมงคลวารี,^eบรรณาธิการ
945    ^p95^l0^i018940
945    ^p95^l0^i018939
945    ^p95^l0^i018938
995    ทศพร
999 ^a ใช้งานได้ทุกระบบ
รายการนี้ยังไม่มีแท็ก
คุณยังไม่ได้ล็อกอิน คุณสามารถมีกิจกรรมร่วมกับเว็บไซต์ได้ แต่ต้องล็อกอินก่อน ::
  ล็อกอิน

รายการสื่อสารสนเทศ

ลำดับที่ ประเภท เลขเรียก/บาร์โค้ด สถานที่ สถานะ
- ไม่พบข้อมูล -

รายการใกล้เคียง
    ผู้แต่ง [พิศิษฐ เบญจมงคลวารี]

    หัวเรื่อง [การนวด]

BibComment


ยังไม่เคยถูกคอมเมนท์

คอมเมนท์ทรัพยากรรายการนี้
  คอมเมนท์: นวดเพื่อผ่อนคลายท..


 Copyright 2026. Bcnsprnw @Library